00322nam a2200121Ia 4500008004100000040001700041041001200058082001600070100002200086245003400108260004400142300001400186230917s9999||||xx |||||||||||||| ||und|| e129183aMAIN aEnglish a342.7 K897H aKrishan Iyer, V R 0aHuman rights and human wrongs aDelhibB R Publishing Corporationc1990 av, 175 p.